00317nam a2200133Ia 4500008004100000082001700041100001400058245002600072250000800098260002900106300000800135500002400143650001600167230524s9999 xx 000 0 und d a621.327bSIN aR.K.Singh 0aOptical Communication a1ST aNEW DELHIbKatariac2003 a324 aQuantity Number: 2 aElectronics